Novísima ley de enjuiciamiento criminal de 14 de setiembre de 1882 (Record no. 153788)
[ view plain ]
| 000 -LEADER | |
|---|---|
| campo de control de longitud fija | 01077nam a22002055i 4500 |
| 001 - NÚMERO DE CONTROL | |
| campo de control | 153788 |
| 003 - IDENTIFICADOR DE NÚMERO DE CONTROL | |
| campo de control | ES-MaACL |
| 005 - FECHA Y HORA DE LA ÚLTIMA TRANSACCIÓN | |
| campo de control | 20251125134433.0 |
| 008 - DATOS DE LONGITUD FIJA--INFORMACIÓN GENERAL | |
| campo de control de longitud fija | 990302s1882 sp |||| | spa d |
| 040 ## - FUENTE DE CATALOGACIÓN | |
| Centro catalogador/agencia de origen | CAM |
| Lengua de catalogación | spa |
| Centro/agencia transcriptor | CAM |
| 110 1# - ENTRADA PRINCIPAL--NOMBRE DE ENTIDAD CORPORATIVA | |
| Nombre de entidad corporativa o nombre de jurisdicción como elemento de entrada | España |
| 9 (RLIN) | 3622 |
| 240 10 - TÍTULO UNIFORME | |
| Título uniforme | Ley de enjuiciamiento criminal, 1882 |
| 245 10 - MENCIÓN DEL TÍTULO | |
| Título | Novísima ley de enjuiciamiento criminal de 14 de setiembre de 1882 |
| Resto del título | : , precedida de un prólogo expositivo, acompañado de observaciones y comentarios, y seguida de la nueva división territorial de España en orden al procedimiento criminal y lugar de las audiencias de esta clase, y adicionada con un índice alfabético ... / |
| Mención de responsabilidad, etc. | por la redacción de El Consultor de los Ayuntamientos y de los Juzgados Municipales. |
| 260 ## - PUBLICACIÓN, DISTRIBUCIÓN, ETC. | |
| Lugar de publicación, distribución, etc. | Madrid : |
| Nombre del editor, distribuidor, etc. | El Consultor de los Ayuntamientos y de los Juzgados Municipales, |
| Fecha de publicación, distribución, etc. | 1882 ( |
| Fabricante | Imprenta de E. de la Riva) |
| 300 ## - DESCRIPCIÓN FÍSICA | |
| Extensión | 318 p. ; |
| Dimensiones | 20 cm. |
| 650 #4 - PUNTO DE ACCESO ADICIONAL DE MATERIA--TÉRMINO DE MATERIA | |
| Término de materia o nombre geográfico como elemento de entrada | Procedimiento penal- |
| Subdivisión geográfica | España- |
| 9 (RLIN) | 16431 |
| Subdivisión de forma | Legislación |
| 852 ## - LOCALIZACIÓN | |
| Ubicación | ES-MaACL |
| Número de control de estantería | F-13003 |
| Nota libre | -- Enc. hol. |
| condición física | -- Falto de la port. |
| 942 ## - ELEMENTOS DE ENTRADA SECUNDARIOS (KOHA) | |
| Fuente del sistema de clasificación o colocación | Clasificación decimal universal |
| Estatus retirado | Estado de pérdida | Estado de daño | No para préstamo | Colección | Biblioteca de origen | Biblioteca actual | Ubicación en estantería | Fecha de adquisición | Fuente de adquisición | Total de préstamos | Signatura topográfica completa | Código de barras | Visto por última vez | Precio de reemplazo | Tipo de ítem Koha |
|---|---|---|---|---|---|---|---|---|---|---|---|---|---|---|---|
| Libros del s. XIX | Biblioteca del Ateneo de Madrid | Biblioteca del Ateneo de Madrid | Sala Pecera Planta 2 | 17/01/2008 | F-13003 | 1160785 | 23/02/2023 | 23/02/2023 | Libro impreso antiguo |
